| 000 | 01086cam a22003253a 4500 | ||
|---|---|---|---|
| 001 | 8642 | ||
| 003 | PGUSA | ||
| 005 | 20140828083202.0 | ||
| 008 | 050801s2005||||xxu|||||s|||||000 | eng d | ||
| 040 |
_aPGUSA _beng |
||
| 042 | _adc | ||
| 050 | 4 | _aHQ | |
| 100 | 1 |
_aFuller, Margaret, _d1810-1850 |
|
| 245 | 1 | 0 |
_aWoman in the Nineteenth Century ; _band, Kindred Papers Relating to the Sphere, Condition and Duties, of Woman. _h[electronic resource] / _cMargaret Fuller |
| 260 |
_bProject Gutenberg, _c2005 |
||
| 506 | _aPublic domain in the USA. | ||
| 516 | _aElectronic text | ||
| 653 | _aSocial history -- 19th century | ||
| 653 | _aMan-woman relationships | ||
| 653 | _aWomen's rights | ||
| 653 | _aWomen -- Social and moral questions | ||
| 653 | _aFeminism | ||
| 653 | _aWomen -- History -- Modern period, 1600- | ||
| 700 | 1 |
_aFuller, Arthur B. _q(Arthur Buckminster), _d1822-1862 |
|
| 700 | 1 |
_aGreeley, Horace, _d1811-1872 |
|
| 740 | 0 | _aWoman in the 19th Century | |
| 830 | 0 |
_aProject Gutenberg _v8642 |
|
| 856 | 4 | 0 | _uhttp://www.gutenberg.org/ebooks/8642 |
| 942 | _cEB | ||
| 999 |
_c237942 _d237942 |
||